Normal view MARC view
  • Trivedi, S.D

Entry Personal Name

Number of records used in: 2

001 - CONTROL NUMBER

  • control field: 59829

003 - CONTROL NUMBER IDENTIFIER

  • control field: NUST

005 - DATE AND TIME OF LATEST TRANSACTION

  • control field: 20210628202422.0

008 - FIXED-LENGTH DATA ELEMENTS

  • fixed length control field: 210628|| aca||aabn | a|a d

040 ## - CATALOGING SOURCE

  • Original cataloging agency: NUST
  • Transcribing agency: NUST

100 ## - HEADING--PERSONAL NAME

  • Personal name: Trivedi, S.D

670 ## - SOURCE DATA FOUND

  • Source citation: Work cat.: (NUST): Trivedi, S.D, Comprehensive differential equations, 2003
© 2023 Central Library, National University of Sciences and Technology. All Rights Reserved.